UBT Library

Intermediate algebra / (Record no. 44657)

000 -LEADER
fixed length control field 00655cam a2200229 a 4500
001 - CONTROL NUMBER
control field 12554417
005 - DATE AND TIME OF LATEST TRANSACTION
control field 20180310041812.0
008 - FIXED-LENGTH DATA ELEMENTS--GENERAL INFORMATION
fixed length control field 011003s2003 maua 001 0 eng
010 ## - LIBRARY OF CONGRESS CONTROL NUMBER
LC control number 2001053824
020 ## - INTERNATIONAL STANDARD BOOK NUMBER
International Standard Book Number 0201746328 (SE : pbk.)
020 ## - INTERNATIONAL STANDARD BOOK NUMBER
International Standard Book Number 0321613694
040 ## - CATALOGING SOURCE
Original cataloging agency DLC
Transcribing agency DLC
Modifying agency DLC
041 ## - LANGUAGE CODE
Language code of text/sound track or separate title eng
080 ## - UNIVERSAL DECIMAL CLASSIFICATION NUMBER
Universal Decimal Classification number 512.9
082 00 - DEWEY DECIMAL CLASSIFICATION NUMBER
Classification number 512.9 BIT
Edition number 21
100 1# - Rafti
Rafti 36
101 ## - Shkurtesa
Shkurtesa MAT
245 10 - TITLE STATEMENT
Title Intermediate algebra /
Statement of responsibility, etc Marvin L. Bittinger.
906 ## - LOCAL DATA ELEMENT F, LDF (RLIN)
a 7
b cbc
c orignew
d 1
e ocip
f 20
g y-gencatlg
942 ## - ADDED ENTRY ELEMENTS (KOHA)
Source of classification or shelving scheme
Item type Books
Holdings
Withdrawn status Lost status Source of classification or shelving scheme Damaged status Not for loan Collection code Permanent location Current location Shelving location Date acquired Total Checkouts Full call number Barcode Date last seen Price effective from Koha item type
          Koleksioni i përgjithshem UBT - Lipjan UBT - Lipjan Koleksioni i përgjithshem 03/10/2018   512.9 BIT 002-3001371 03/10/2018 03/10/2018 Books
UBT Library © 2015-2024. All rights reserved University Education for Business and Technology